| 000 | 00659cam a2200193 i 4500 | ||
|---|---|---|---|
| 999 |
_c57709 _d57709 |
||
| 001 | 19372421 | ||
| 005 | 20221122155755.0 | ||
| 008 | 161114s2017 enk b 001 0 eng | ||
| 020 | _a9781138956322x | ||
| 041 | _aeng | ||
| 080 | _a316.485.6 R-88 | ||
| 100 | 1 |
_aRubenstein, Richard E. _99565 |
|
| 245 | 1 | 0 |
_aResolving structural conflicts : _bhow violent systems can be transformed / _cRichard E. Rubenstein. |
| 264 | 1 |
_aLondon : _bRoutledge, Taylor & Francis Group, _c2017. |
|
| 300 |
_a159 pages ; _c24 cm. |
||
| 653 | _aსოციოლოგია | ||
| 653 | _aსტრუქტურული კონფლიქტები | ||
| 942 |
_2udc _cBK |
||